00843nam a2200265Ia 450000100060000000300090000600800410001504000130005604000130006904100120008210000160009410000290011024500460013924500320018525000110021726000110022826000240023926000490026330000580031250000680037065000280043865000310046670000270049770000530052423714IT-RoPAU130308s9999 xx 000 0 und d aIT-RoPAU cIT-RoPAU aINGLESE aHall Stuart gCodice Aut. SPICS: 10961 aUnity of Current Affairs Television (The) bPopular television And Film a1a ed. aLONDON bBfi/Open University c1981 [1° Ed.:1981 - Ed.Ling.Originale:1976] a"30 p. (prefazione: no ; testo: 30 [pagine: 88-117])" aUnità€ Negli Affari Correntu Televisivi Televisione e Politica aSAGGI SULLA TELEVISIONE eCodice materia Spics: 6961 aConnell IanCurti Lidia gCodice Aut. SPICS: 3617Codice Aut. SPICS: 7553